Az üzemfenntartási tevékenységek szervezése módszertani támogatása.
Uplatnenie najnovších počítačových techník CAD a CAM pri organizácii údržbárskych činností. Integrácia údržbárskych činností do podnikových procesov. Popis výstavby metodickej banky údržby, ktorá je flexibilná a dá sa aplikovať na rôzne priemyselné odvetvia a sféry národného hospodárstva.
Gespeichert in:
| 1. Verfasser: | |
|---|---|
| Format: | Buchkapitel |
| Sprache: | Ungarisch |
| Schlagworte: | |
| Tags: |
Keine Tags, Fügen Sie das erste Tag hinzu!
|
MARC
| LEADER | 00000naa a2200000 4500 | ||
|---|---|---|---|
| 001 | r003777 | ||
| 005 | 20221125113453.9 | ||
| 041 | 0 | |a hun | |
| 044 | |a HU | ||
| 245 | 1 | 0 | |a Az üzemfenntartási tevékenységek szervezése módszertani támogatása. |c Zs. Várady |
| 520 | |a Uplatnenie najnovších počítačových techník CAD a CAM pri organizácii údržbárskych činností. Integrácia údržbárskych činností do podnikových procesov. Popis výstavby metodickej banky údržby, ktorá je flexibilná a dá sa aplikovať na rôzne priemyselné odvetvia a sféry národného hospodárstva. | ||
| 610 | 2 | 0 | |a údržba |
| 610 | 2 | 0 | |a metodika |
| 610 | 2 | 0 | |a CAM |
| 610 | 2 | 0 | |a CAD |
| 610 | 2 | 0 | |a počítače |
| 610 | 2 | 0 | |a podnik |
| 610 | 2 | 0 | |a banky dát |
| 610 | 2 | 0 | |a odvetvia priemyselné |
| 610 | 2 | 0 | |a hospodárstvo národné |
| 100 | 1 | |a Várady, Zs. | |